Quiz top 20 English football clubs by tropchies - Statistics

General Stats
  • This quiz has been taken 31 times
  • The average score is 9 of 20
Answer Stats
Postin Tropchies club % Correct
1 64 Manchester united
100%
4 28 Chelsea
96%
2 60 Liverpool
96%
3 43 Arsenal
93%
8 18 Manchester City
93%
5 24 Everton
68%
15 9 Leeds United
68%
17 6 West Ham United
64%
11 13 Nottingham Forest
61%
20 5 Burnley
46%
13 9 Sunderland
43%
16 9 West Bromwich Albion
43%
9 13 Newkastle United
29%
7 23 Aston Vilia
0%
12 12 Blakburn Rowers
0%
18 5 Huddersfiled Town
0%
19 5 Portsmoucht
0%
14 9 Shefiled Wednesday
0%
6 24 Tottenham Hotspr
0%
10 13 Wolverchamptn Wanderers
0%
No matching quizzes found
Score Distribution
Percent of People with Each Score
Percentile by Number Answered
Your Score History
You have not taken this quiz